000 04108nkm0a2200577 4500
001 RU\NLR\BIBL_A\022622519
005 20260204000000.0
020 _aRU
_b45-1451 (1945, № 2)
_9Летопись изоизданий / ВКП. - Москва, 1945. - Вып. 1945, № 2. - С. 43
035 _a(NLR Aleph) 022622519
071 5 0 _a76 г
_d8 коп.
090 _a89044
_c89044
100 _a20250916d1945 u y0rusy50 ca
101 0 _arus
102 _aRU
116 _aiiycxx bi ae
135 _acrcn 024anaba
181 0 _ab4
_bxb2e
182 0 _an
200 1 _aЧесть и слава доблестным воинам Красной армии, беспощадно громящим немецко-фашистские орды!
_e[закрытое письмо]
_fхуд. Арк. Щербаков
203 _aИзображение
_bнеподвижное
_bдвухмерное
_bвизуальное
_cнепосредственное
210 _a[Москва]
_c"Советский график" по заказу Московской конторы Главбумсбыта
_d[1945]
215 _a1 л. (слож. вдвое)
_cцв. литогр.
_d16,9х19,7 (16,9х10,5)
300 _aНа закрытом письме также текст: Смерть немецким захватчикам!
300 _aЗаказчик - Московская контора Главного управления по сбыту продукции целлюлозно-бумажной промышленности Народного комиссариата целлюлозной и бумажной промышленности
300 _aДата публикации установлена по: Летопись изобразительного искусства. 1945. № 2. № 1451
300 _aЦенз. разрешение: Л 40955
301 _aИзд. номер: № 76 г
309 _aДвойной формуляр, без клеевой полосы
325 _aКопия доступна в Электрон. б-ке РНБ
327 0 _aАтака советских воинов-пехотинцев при поддержке авиации; внизу лавровые ветви, перевитые лентой, и пятиконечная звезда с серпом и молотом
606 1 _aПочтовые открытки маркированные художественные
_yСССР
_z1941 - 1945
_2nlr_sh2
_3RU\NLR\AUTH\661531868
606 1 _aВеликая Отечественная война
_z1941 - 1945
_xВоенные операции
_jОткрытки
_2nlr_sh1
_2nlr_sh2
_3RU\NLR\AUTH\66137667
610 1 _aЗакрытые письма
686 1 _aЩ153(2)7-489
700 1 _aЩербаков
_bА. И.
_cхудожник
_f1901-1971
_gАркадий Иванович
_3RU\NLR\AUTH\770273850
_4040
712 0 1 _aСССР
_bГлавное управление по сбыту продукции целлюлозно-бумажной промышленности
_bМосковская контора
_3RU\NLR\AUTH\880618212
_4570
712 0 2 _a"Советский график", всероссийское товарищество художников-графиков
_3RU\NLR\AUTH\880618204
_4650
830 _aТехника печати - см. Летопись изоизданий. АЯ ОЭФ
852 0 0 _aNLR
_bЭ
_jО-ЗП-3/1945-Щ
_mЭот100983
856 0 _uhttps://vivaldi.nlr.ru/lo500003944/view
856 1 _uhttps://vivaldi.nlr.ru/lo500003944/cover
856 2 _uhttps://vivaldi.nlr.ru/lo500003944/text
901 _eИзографические материалы
942 _cVISUAL
945 _aРоссийская национальная библиотека
980 _aNB
980 _aBV
981 1 7 _a(17) Изографические материалы
_b(17) Открытки